Zázračný svet zvierat

Bibliographic Details
Main Author: Ganeri, Anita, 1961- (Author)
Other Authors: Vian, Maddy (Illustrator), Hyžná, Mariana (Translator)
Format: Book
Language:Slovak
English
PhysicalDescription:79 strán farebné ilustrácie, ilustrované listy 32 cm
Published: Bratislava Fortuna Junior Fortuna Libri 2019
ISBN:9788081428470
Edition:Prvé vydanie
Subjects:

MARC

LEADER 00000cam a2200000 4500
001 vtls011882272
003 SK-MaSNL
005 20260302060148.0
008 200228s2019 xo af br 000 0 slo
015 |a SNBA2019/10 
020 |a 9788081428470  |q (viazané) 
035 |a urn:nbn:sk:snk-am00dez6 
035 |a urn:nbn:sk:snk-am3hzyp 
035 |a DABF68AE-4E3D-43C9-936A-06D3D17FD988 
040 |a SNK  |b slo  |e rda  |c SNK 
041 1 |a slo  |h eng 
044 |a xo  |c SK 
072 7 |a 59  |x Zoológia  |2 konspekt 
080 |a 592/599  |2 2011 
080 |a 574.4/.5  |2 2011 
080 |a (0.062)  |2 2011 
080 |a (0.05)  |2 2011 
100 1 |a Ganeri, Anita,  |d 1961-  |4 aut  |9 88414 
240 1 0 |a Animal Words of Wonder  |l Slovensky 
245 1 0 |a Zázračný svet zvierat  |c Anita Ganeri ; ilustrácie Maddy Vianová 
250 |a Prvé vydanie 
264 1 |a Bratislava  |b Fortuna Junior  |b Fortuna Libri  |c 2019 
300 |a 79 strán  |b farebné ilustrácie, ilustrované listy  |c 32 cm 
336 |a text  |b txt  |2 rdacontent 
336 |a statický obraz  |b sti  |2 rdacontent 
337 |a bez média  |b n  |2 rdamedia 
338 |a zväzok  |b nc  |2 rdacarrier 
650 0 7 |a zvieratá  |2 SNKPH  |9 1091 
650 0 7 |a ekosystémy  |2 SNKPH  |9 3902 
650 0 7 |a Animals  |2 SNKPHeng  |9 267568 
650 0 7 |a Ecosystems  |2 SNKPHeng  |9 267077 
655 7 |a populárno-náučné publikácie  |2 SNKPH  |9 70460 
655 7 |a publikácie pre deti  |2 SNKPH  |9 70148 
655 7 |a Popular works  |2 SNKPHeng  |9 90287 
655 7 |a Publications for children  |2 SNKPHeng  |9 276792 
700 1 |a Vian, Maddy  |4 ill  |9 717459 
700 1 |a Hyžná, Mariana  |4 trl  |9 156152 
919 |a 978-80-8142-847-0 
958 |a OP 
968 |b ENG 
999 |c 1120149  |d 1122079 
952 |a SNK  |b SNK  |y PREZ  |7 0  |p 17A1390546  |o snkSB 94662  |i snk2019/26041  |8 0  |0 0  |1 0  |4 0  |d 2019-10-14  |f 1  |l 0  |r 2025-05-14 00:00:00  |w 2026-02-24 
952 |a SNK  |b SNK  |y VYP  |7 0  |p 17A1390547  |o snkSB 94662 D1  |i snk2019/26042  |8 0  |0 0  |1 0  |4 0  |d 2019-10-14  |l 0  |r 2026-02-24 18:28:48  |w 2026-02-24